| 000 | 00484nam a22001817a 4500 | ||
|---|---|---|---|
| 999 |
_c9731 _d9731 |
||
| 003 | GBCCL | ||
| 005 | 20241126110717.0 | ||
| 008 | 230627b ||||| |||| 00| 0 eng d | ||
| 020 | _a0801065976 | ||
| 040 | _cgbc | ||
| 082 |
_a220.11 _bODO |
||
| 100 |
_aO'Donnell, Kevin _916906 |
||
| 245 |
_aThe Baker pocket guide to the Bible / _cKevin O'Donnell |
||
| 260 |
_aGrand Rapids : _bBaker books, _c2006 |
||
| 300 | _a239p. ; | ||
| 650 |
_aBible _vinstructions _916907 |
||
| 942 |
_2ddc _cBK |
||